AH International Schools' Libraries

Investigators : class action / (Record no. 48223)

MARC details
000 -LEADER
fixed length control field 00467nam a2200133 4500
020 ## - INTERNATIONAL STANDARD BOOK NUMBER
International Standard Book Number 9781250849908
Qualifying information (hardcover)
100 1# - MAIN ENTRY--PERSONAL NAME
Personal name Green, John Patrick,
Relator term author.
9 (RLIN) 82434
245 10 - TITLE STATEMENT
Title Investigators : class action /
Statement of responsibility, etc written and illustrated by John Patrick Green ; with color by Wes Dzioba.
250 ## - EDITION STATEMENT
Edition statement First edition.
260 ## - PUBLICATION, DISTRIBUTION, ETC. (IMPRINT)
Place of publication, distribution, etc New York;
Name of publisher, distributor, etc First Second:
Date of publication, distribution, etc 2024.
300 ## - PHYSICAL DESCRIPTION
Extent 200 pages :
Other physical details color illustrations ;
Dimensions 22 cm.
490 ## - SERIES STATEMENT
Series statement InvestiGators
942 ## - ADDED ENTRY ELEMENTS (KOHA)
Source of classification or shelving scheme
Koha item type Book
Holdings
Withdrawn status Lost status Source of classification or shelving scheme Damaged status Not for loan Home library Current library Date acquired Total Checkouts Full call number Barcode Checked out Date last seen Date checked out Price effective from Koha item type
          Logos International School Logos International School 01/24/2025 8 J GRAPHIX GRE 040272 05/20/2026 04/30/2026 04/30/2026 01/24/2025 Book

For any Logos Library related questions please contact Miss Art at swongnarasuk@asianhope.org.

For any Asian Hope Library related questions please contact Miss Raza at graza@asianhope.org.

Powered by Koha